বিষয়বস্তু এড়িয়ে যান

Актуальные тренды развития международного налогообложения Монография

Монография посвящена актуальным трендам международного налогообложения направленным на развитие методологии противодействия размыванию налоговой базы а также практическим вопросам ее применения в современной России и за рубежом. Проведена оценка результатов Проекта BEPS инициированного странами-член...

সম্পূর্ণ বিবরণ

সংরক্ষণ করুন:
গ্রন্থ-পঞ্জীর বিবরন
প্রধান লেখক: Пинская М.Р
বিন্যাস: Монография
সংস্করন:1
মালা:Научная мысль
অনলাইন ব্যবহার করুন:https://znanium.ru/catalog/document?id=446760
https://znanium.ru/cover/2080/2080718.jpg
ট্যাগগুলো: ট্যাগ যুক্ত করুন
কোনো ট্যাগ নেই, প্রথমজন হিসাবে ট্যাগ করুন!
LEADER 05577nam0a2200481 i 4500
001 RU\infra-m\znanium\bibl\2080718
003 https://znanium.ru/catalog/document?id=446760
005 20240731000000.0
010 |a 978-5-16-016353-6 
010 |a 978-5-16-108644-5  |b электр. издание 
100 |a 20240731d2024 m y0rusy0150 ca 
101 0 |a rus 
102 |a RU 
200 1 |a Актуальные тренды развития международного налогообложения  |e Монография  |f Финансовый университет при Правительстве Российской Федерации  |g Научно-исследовательский финансовый институт Минфина России  |g Научно-исследователький финансовый институт Министерства финансов Российской Федерации 
205 |a 1 
210 1 |a Москва  |c ООО "Научно-издательский центр ИНФРА-М"  |d 2024 
215 |a 277 с. 
225 1 |a Научная мысль 
330 |a Монография посвящена актуальным трендам международного налогообложения направленным на развитие методологии противодействия размыванию налоговой базы а также практическим вопросам ее применения в современной России и за рубежом. Проведена оценка результатов Проекта BEPS инициированного странами-членами G20 под руководством ОЭСР. Проведен анализ российских правил определения трансфертных цен на нематериальные активы в свете рекомендаций ОЭСР выпущенных в рамках Проекта BEPS. Обобщены правовые подходы к противодействию злоупотреблению Соглашениями об избежании двойного налогообложения за рубежом и показано их развитие в России. Сделан экономический анализ масштабов и последствий размывания национальной налоговой базы. Проведена оценка потенциальных фискальных и экономических эффектов от создания специальных административных районов на территориях Калининградской области и Приморского края. Разработаны рекомендации по стратегии долгосрочной налоговой политики Российской Федерации в области международного налогообложения. Адресована экономистам юристам менеджерам руководителям и специалистам федеральных органов государственной власти а также преподавателям аспирантам и студентам экономических и юридических вузов и факультетов слушателям системы повышения квалификации. 
333 |a Дополнительное профессиональное образование 
606 |a Экономика. Бухгалтерский учет. Финансы  |x Налоги и налогообложение  |2 local 
608 |a Монография  |2 local 
675 |a 336.227(075.4)  |z rus 
686 |a 65.268  |2 rubbk 
686 |a 38.03.01  |2 okso 
686 |a 38.04.01  |2 okso 
686 |a 38.04.02  |2 okso 
686 |a 38.04.08  |2 okso 
686 |a 38.06.01  |2 okso 
686 |a 38.07.02  |2 okso 
686 |a 40.03.01  |2 okso 
686 |a 40.04.01  |2 okso 
686 |a 40.05.01  |2 okso 
686 |a 40.06.01  |2 okso 
700 1 |a Пинская  |b М.Р.  |g Миляуша Рашитовна  |p Финансовый университет при Правительстве Российской Федерации 
701 1 |a Милоголов  |b Н.С.  |g Николай Сергеевич  |p Научно-исследователький финансовый институт Министерства финансов Российской Федерации 
701 1 |a Цаган-Манджиева  |b К.Н.  |g Кермен Николаевна 
701 1 |a Логинова  |b Т.А.  |g Татьяна Александровна  |p Научно-исследовательский финансовый институт Минфина России 
712 0 2 |a Научно-исследовательский финансовый институт Минфина России 
712 0 2 |a Научно-исследователький финансовый институт Министерства финансов Российской Федерации 
801 0 |a RU  |b Общество с ограниченной ответственностью «ЗНАНИУМ»  |c 20230615  |2 rusmarc 
856 4 |a znanium.ru  |m ebs_support@infra-m.ru  |n НИЦ ИНФРА-М  |u https://znanium.ru/catalog/document?id=446760 
856 4 1 |a znanium.ru  |d /cover/2080  |f 2080718.jpg  |q image/jpeg  |u https://znanium.ru/cover/2080/2080718.jpg